- Mendonca, Daniel
Entry Nombre Personal
001 - NUMERO DE CONTROL
- campo de control: 45677
003 - IDENTIFICADOR DE NUMERO DE CONTROL
- campo de control: DLC
005 - FECHA Y HORA DE LA ÜLTIMA TRANSACCIÓN
- campo de control: 20220811093304.0
008 - DATOS DE LONGITUD FIJA
- campo de control de longitud fija: 220811n| azannaabn |n aaa
010 ## - NÚMERO DE CONTROL DE LA BIBLIOTECA DEL CONGRESO
- Número de control LC: n 96061888
035 ## - NUMERO DE CONTROL
- Número de control: (OCoLC)oca04105563
040 ## - FUENTE DE CATALOGACIÓN
- Agencia original de catalogación: DLC
- Lenguaje de catalogación: spa
- Agencia de transcripción: DLC
- Description conventions: rda
- Agencia que lo modifica: DLC
- Agencia que lo modifica: OCoLC
- Agencia que lo modifica: DLC
- Agencia que lo modifica: MX-MxUPN
046 ## - FECHAS CON CODIFICACIÓN ESPECIAL
- Fecha de nacimiento: 1962
- Fuente del formato de fecha: edtf
100 1# - ENCABEZAMIENTO - NOMBRE PERSONAL
- Nombre personal: Mendonca, Daniel
370 ## - LUGAR ASOCIADO
- Place of birth: Asunción (Paraguay)
- Associated country: Paraguay
- Fuente del término: naf
372 ## - CAMPO DE ACTIVIDAD
- Field of activity: Derecho-Filosofía
- Fuente del término: lcsh
373 ## - GRUPO ASOCIADO
- Associated group: Universidad Católica Nuestra Señora de la Asunción
- Fuente del término: naf
374 ## - OCUPACIÓN
- Occupation: Profesor universitario
- Fuente del término: lcsh
375 ## - GÉNERO
- Gender: masculino
377 ## - LENGUA ASOCIADA
- Language code: spa
670 ## - FUENTE EN LA QUE SE LOCALIZARON DATOS
- Cita de la fuente: Introducción al analisis normativa, 1992:
- Información localizada: portada (Daniel Mendonca)
670 ## - FUENTE EN LA QUE SE LOCALIZARON DATOS
- Cita de la fuente: Infame condición, 2002:
- Información localizada: portada (Daniel Mendonca) solapa delantera (b. Asunción, Paraguay, 1962)
670 ## - FUENTE EN LA QUE SE LOCALIZARON DATOS
- Cita de la fuente: Conflicto y balance de derechos, 2018:
- Información localizada: página 9 (Daniel Mendonca, professor of theory and philosophy of law, Universidad Católica de Asunción, Paraguay)
902 ## - CATALOGADOR
- Catalogador: NDAF/110822
